| 000 | 00969nam a2200313Ia 4500 | ||
|---|---|---|---|
| 001 | Para_356 | ||
| 003 | CHAP | ||
| 008 | 220125s1994 xx 000 0 und d | ||
| 010 | _a199111 | ||
| 040 | _cCHAP | ||
| 090 | _aPA FOLLETO 3289 | ||
| 100 |
_aOrtega Rodríguez, Sergio A. _983868 |
||
| 245 |
_aGuía para la producción de planta de arbustos forrajeros en vivero / _c por Sergio A. Ortega Rodríguez y Albino A. Guerrero Babun |
||
| 260 |
_aMatamoros, Coah. : _b INIFAP. Campo Experimental La Laguna |
||
| 300 | _a12 p. | ||
| 410 | _aFolleto para productores; 1 | ||
| 650 |
_aForrajes _942552 |
||
| 650 |
_aViveros _9120096 |
||
| 700 | _a | ||
| 700 |
_aGuerrero Babun, Albino A. _9164450 |
||
| 710 | _aINIFAP. México. Campo Experimental La Laguna | ||
| 901 | _aPA FOLLETO 3289 | ||
| 902 | _aA | ||
| 905 | _a0000001994 0000000000 00 | ||
| 910 | _a1994 | ||
| 942 | _cPARA | ||
| 942 |
_cPARA _d1 |
||
| 999 |
_c199111 _d199111 |
||